Rozpoznaj film po kadrze #11 - Statystyki

Ogólne statystyki
  • Ten quiz został rozwiązany 33 razy
  • Średni wynik to 5 z 20
Statystyki odpowiedzi
Obrazkowy Odpowiedź % Poprawnych
Kot w butach: Ostatnie życzenie
79%
Pulp Fiction
79%
Vabank
54%
Bohemian Rhapsody
50%
Imię róży
38%
Labirynt
21%
Rzymskie wakacje
21%
Brudny Harry
17%
Czas Apokalipsy
17%
Zanim się pojawiłeś
17%
Las Vegas Parano
13%
Przebudzenia
13%
Chce się żyć
8%
Manchester by the Sea
8%
Trainspotting
8%
Sweeney Todd: Demoniczny golibroda z Fleet Street
4%
To właśnie miłość
4%
David Attenborough: Życie na naszej planecie
0%
Porozmawiaj z nią
0%
To wspaniałe życie
0%
Nie znaleziono quizów pasujących do podanych kryteriów
Rozkład punktacji
Procent ludzi z każdym wynikiem
Percentyl według liczby udzielonych odpowiedzi
Twoja historia wyników
Nie rozwiązałeś tego quizu